000 00625cam a22002053a 4500
001 39803
003 PGUSA
005 20140828083904.0
008 120526s2012||||xxu|||||s|||||000 | eng d
040 _aPGUSA
_beng
042 _adc
100 1 _aChambers, William
_cSir,
_d1723-1796
245 1 3 _aAn Explanatory Discourse by Tan Chet-qua of Quang-chew-fu, Gent.
_h[electronic resource] /
_cWilliam Chambers
260 _bProject Gutenberg,
_c2012
506 _aPublic domain in the USA.
516 _aElectronic text
830 0 _aProject Gutenberg
_v39803
856 4 0 _uhttp://www.gutenberg.org/ebooks/39803
942 _cEB
999 _c269056
_d269056